Succulent flora of Southern Africa: a comprehensive and authoritative guide to 164 genera in nine family groups (Record no. 80813)

MARC details
000 -LEADER
fixed length control field 00787nam a2200181 a 4500
008 - FIXED-LENGTH DATA ELEMENTS--GENERAL INFORMATION
fixed length control field 120416s1981 ||||||||||||||||| || u
020 ## - INTERNATIONAL STANDARD BOOK NUMBER
International Standard Book Number 9061910919
050 ## - LIBRARY OF CONGRESS CALL NUMBER
Classification number SB 438 COU
100 ## - MAIN ENTRY--PERSONAL NAME
Personal name Court, Doreen
245 10 - TITLE STATEMENT
Title Succulent flora of Southern Africa: a comprehensive and authoritative guide to 164 genera in nine family groups
260 ## - PUBLICATION, DISTRIBUTION, ETC.
Place of publication, distribution, etc. Rotterdam
Name of publisher, distributor, etc. A.A.Balkema
Date of publication, distribution, etc. 1981
300 ## - PHYSICAL DESCRIPTION
Extent xvi, 224p. : ill
350 ## -
-- 0.00
650 ## - SUBJECT ADDED ENTRY--TOPICAL TERM
Topical term or geographic name entry element BOTANY--AFRICA, SOUTHERN
650 ## - SUBJECT ADDED ENTRY--TOPICAL TERM
Topical term or geographic name entry element SUCCULENT PLANTS--AFRICA, SOUTHERN
995 ## -
-- REFERENCE BOOKS
-- 0.00
-- 727559
-- CBU-MAIN LIBRARY (Kitwe)
-- 1
-- 98.00
-- SB 438 Cou
-- 1
-- REFERENCE
-- 025419
-- Reference Collection
995 ## -
-- REFERENCE BOOKS
-- 0.00
-- 727560
-- CBU-MAIN LIBRARY (Kitwe)
-- 2
-- 98.00
-- SB 438 Cou
-- 2
-- REFERENCE
-- 025420
-- Reference Collection
999 ## -
-- 80813
-- 80813
Holdings
Withdrawn status Lost status Source of classification or shelving scheme Damaged status Not for loan Permanent Location Current Location Shelving location Date acquired Total Checkouts Full call number Barcode Date last seen Copy number Price effective from Koha item type
          CBU-MAIN LIBRARY, KITWE. CBU-MAIN LIBRARY, KITWE.   07/11/2023   SB 438 COU 025419 07/11/2023 1 07/11/2023 REFERENCE COLLECTION
          CBU-MAIN LIBRARY, KITWE. CBU-MAIN LIBRARY, KITWE.   07/11/2023   SB 438 COU 025420 07/11/2023 2 07/11/2023 REFERENCE COLLECTION